INTRODUCTION to peace and conflict studies in West Africa: a reade
Gardado en:
| Formato: | Libro |
|---|---|
| Idioma: | inglés |
| Publicado: |
Spectrum Books,
2006
|
| Tags: |
Engadir etiqueta
Sen Etiquetas, Sexa o primeiro en etiquetar este rexistro!
|
MARC
| LEADER | 00000nam a22000007a 4500 | ||
|---|---|---|---|
| 008 | 201218b ||||| |||| 00| 0 eng d | ||
| 020 | |a 978-9977-925-40-0 | ||
| 245 | |a INTRODUCTION to peace and conflict studies in West Africa: a reade |c Shedrack Gaya Best | ||
| 250 | |c Shedrack Gaya Best | ||
| 260 | |b Spectrum Books, |c 2006 |h Ibadan |i 691937 |l JZ5584 .In8 |m Peace-building | ||
| 942 | |a lcc |c BK |e ogunleye | ||
| 952 | |0 0 |1 0 |2 lcc |4 0 |6 JZ5584 I N8 |7 0 |9 822 |a HOL |b HOL |d 2020-12-18 |l 0 |o JZ5584 .In8 |p 2020-230036 |r 2020-12-18 00:00:00 |w 2020-12-18 |y BK | ||
| 999 | |c 462 |d 462 | ||